000 00611cab a2200217 4500
001 X1368
008 090401t1994 xxu||||| |||| 00| 0 eng d
035 _a(Sirsi) u16535
041 _aeng
100 _aKaka, A.P.
245 _aContractor`s financial budgeting using computer simulation
260 _c1994
350 _a0
490 _aConstruction Management & Economics
_v12(2) 1994, 113-124(12)
650 _aCASH-FLOW FORECASTING
650 _aCONTRACTORS
650 _aFINANCIAL PLANNING
690 _aMANAGEMENT-BUSINESS MANAGEMENT-INFORMATION MANAGEMENT
942 _n0
948 _c04/03/1997
999 _c10897
_d10897